<?xml version="1.0" encoding="UTF-8"?>
<record
    xmlns:xsi="http://www.w3.org/2001/XMLSchema-instance"
    xsi:schemaLocation="http://www.loc.gov/MARC21/slim http://www.loc.gov/standards/marcxml/schema/MARC21slim.xsd"
    xmlns="http://www.loc.gov/MARC21/slim">

  <leader>01267nam a2200157   4500</leader>
  <controlfield tag="008">190829b        xxu||||| |||| 00| 0 eng d</controlfield>
  <datafield tag="020" ind1=" " ind2=" ">
    <subfield code="a">9789930572009</subfield>
  </datafield>
  <datafield tag="082" ind1=" " ind2=" ">
    <subfield code="a">362.839.6</subfield>
    <subfield code="b">Sch392a</subfield>
  </datafield>
  <datafield tag="100" ind1=" " ind2=" ">
    <subfield code="a">Schumacher, Camila</subfield>
    <subfield code="9">7158</subfield>
  </datafield>
  <datafield tag="245" ind1=" " ind2=" ">
    <subfield code="a">Atrevidas:</subfield>
    <subfield code="b">relatos polif&#xF3;nicos de mujeres trans</subfield>
  </datafield>
  <datafield tag="260" ind1=" " ind2=" ">
    <subfield code="a">San Jos&#xE9;, Costa Rica</subfield>
    <subfield code="b">Ediciones Perro Azul</subfield>
    <subfield code="c">2019</subfield>
  </datafield>
  <datafield tag="300" ind1=" " ind2=" ">
    <subfield code="a">160 p.</subfield>
    <subfield code="c">14 x 21 cm </subfield>
  </datafield>
  <datafield tag="440" ind1=" " ind2=" ">
    <subfield code="a">Colecci&#xF3;n Cr&#xF3;nica no/ficci&#xF3;n</subfield>
    <subfield code="9">7159</subfield>
  </datafield>
  <datafield tag="505" ind1=" " ind2=" ">
    <subfield code="t">Pr&#xF3;logo</subfield>
    <subfield code="t">Los ni&#xF1;os que odiaban los espejos</subfield>
    <subfield code="t">Encaje </subfield>
    <subfield code="t">Dos tazas</subfield>
    <subfield code="t">Sin palabras</subfield>
    <subfield code="t">Jab&#xF3;n</subfield>
    <subfield code="t">La sa(n)grada familia </subfield>
    <subfield code="t">Madre</subfield>
    <subfield code="t">Hija</subfield>
    <subfield code="t">Hermanas</subfield>
    <subfield code="t">Padre </subfield>
    <subfield code="t">Con pan y chorizo</subfield>
    <subfield code="t">Silencio</subfield>
    <subfield code="t">Herencia </subfield>
    <subfield code="t">Hasta la tumba</subfield>
    <subfield code="t">Pasar lista </subfield>
    <subfield code="t">Cuerpos nativos </subfield>
    <subfield code="t">La mujer que en m&#xED; dorm&#xED;a </subfield>
    <subfield code="t">10 kilos de pechuga </subfield>
    <subfield code="t">La noche es otro pa&#xED;s </subfield>
    <subfield code="t">A la puta, calle </subfield>
    <subfield code="t">A punto</subfield>
    <subfield code="t">No culpes a la noche </subfield>
    <subfield code="t">Plegaria del sem&#xE1;foro</subfield>
    <subfield code="t">Huyo de m&#xED; / nada soy </subfield>
    <subfield code="t">La troupe del circo </subfield>
    <subfield code="t">Los goces de Europa </subfield>
    <subfield code="t">Domingo de Resurrecci&#xF3;n </subfield>
    <subfield code="t">Irina - Valentina - Barcelona </subfield>
    <subfield code="t">Trans las rejas </subfield>
    <subfield code="t">Las reinas de la Peni </subfield>
    <subfield code="t">Presas de amor</subfield>
    <subfield code="t">La libertad, una condena</subfield>
    <subfield code="t">Solo los r&#xED;os </subfield>
    <subfield code="t">Adultas menores </subfield>
    <subfield code="t">Esperanza de vida </subfield>
    <subfield code="t">El h&#xE1;bito no hace a la monja </subfield>
    <subfield code="t">Fotos de las de antes </subfield>
    <subfield code="t">Se&#xF1;ora </subfield>
    <subfield code="t">Agradecimientos </subfield>
    <subfield code="t">Glosario </subfield>
  </datafield>
  <datafield tag="650" ind1=" " ind2=" ">
    <subfield code="x">mujeres trans</subfield>
    <subfield code="x">literatura</subfield>
    <subfield code="x">no ficci&#xF3;n</subfield>
    <subfield code="x">Costa Rica</subfield>
    <subfield code="9">7160</subfield>
  </datafield>
  <datafield tag="999" ind1=" " ind2=" ">
    <subfield code="c">1841</subfield>
    <subfield code="d">1841</subfield>
  </datafield>
  <datafield tag="952" ind1=" " ind2=" ">
    <subfield code="0">0</subfield>
    <subfield code="1">0</subfield>
    <subfield code="2">ddc</subfield>
    <subfield code="4">0</subfield>
    <subfield code="7">0</subfield>
    <subfield code="a">LV</subfield>
    <subfield code="b">LV</subfield>
    <subfield code="c">Literatura</subfield>
    <subfield code="d">2019-08-29</subfield>
    <subfield code="l">0</subfield>
    <subfield code="o">362.839.6 Sch392a</subfield>
    <subfield code="p">004833</subfield>
    <subfield code="r">2019-08-29 00:00:00</subfield>
    <subfield code="w">2019-08-29</subfield>
    <subfield code="y">01</subfield>
  </datafield>
</record>
